000 02889nkm0a2200457 4500
001 RU\NLR\DIGIT\526050
005 20260204000000.0
020 _aRU
_b821
_9ЛЕНИНГРАД В ВЕЛИКОЙ ОТЕЧЕСТВЕННОЙ ВОЙНЕ: Печать Ленинграда, 1941 - 1945: каталог изданий, хранящихся в фондах Государственной Публичной библиотеки, вып.2. Листовки,плакаты,открытки,альбомы/Гос.публ.б-ка им.М.Е.Салтыкова-Щедрина. - Ленинград,1972
035 _a(NLR Aleph) 010540204
090 _a77465
_c77465
100 _a20141114d1943 m y0rusy50 ca
101 0 _arus
102 _aRU
116 _adiycxx bi ad
135 _acrcn 024anaba
200 1 _aКраснофлотцы и командиры Военно-Морского флота! Сильнее удары по врагу! Уничтожайте корабли и транспорты противника, беспощадно истребляйте гитлеровских захватчиков!
_e[Плакат]
_fХудож. С.С. Боим и Ю.М. Непринцев
210 _a[Ленинград]
_cПолит. упр. КБФ
_d1943
215 _a1 л.
_d60x40 см
325 _aКопия доступна в Электрон. б-ке РНБ http://vivaldi.nlr.ru/la000070192/view
327 _aНа фоне Петропавловской крепости боевой корабль, самолеты в небе
517 1 _aСмерть немецким оккупантам!
540 1 _aСмерть немецким оккупантам!
606 1 _aБлокада Ленинграда
_z1941 - 1944
_jПлакаты
_2nlr_sh1
_2nlr_sh2
_3RU\NLR\AUTH\661253360
608 _aПлакаты общественно-политические
610 0 _aПлакаты
702 1 _aБоим
_bС.С.
_cхудожник
_f1899-1978
_gСоломон Соломонович
_4040
702 1 _aНепринцев
_bЮ.М.
_cхудожник
_f1909-1996
_gЮрий Михайлович
_4040
712 0 2 _aБалтийский флот
_bПолитическое управление
_3RU\NLR\AUTH\8810005574
_4570
801 2 _aRU
_bNLR
_c20141114
_2rusmarc
852 _aNLR
_bЛ3-310 п
_j26/2-2
856 0 _uhttp://vivaldi.nlr.ru/la000070192/view
856 1 _uhttp://vivaldi.nlr.ru/la000070192/cover
856 2 _uhttp://vivaldi.nlr.ru/la000070192/text
942 _cVISUAL
945 _aРоссийская национальная библиотека
980 _aNB
980 _aBV
981 3 7 _a(37) Ленинград в Великой Отечественной войне
981 1 7 _a(17) Изографические материалы
_b(17) Плакаты